[Event "Voronezh Region-ch"]
[Site "Voronezh"]
[Date "2013.12.10"]
[Round "7"]
[White "Manelis, Vladimir"]
[Black "Shtyka, Sergey"]
[Result "0-1"]
[WhiteElo "2258"]
[BlackElo "2299"]
[PlyCount "106"]
[EventDate "2013.12.03"]
[EventType "swiss"]
[EventRounds "9"]
[EventCountry "RUS"]
[SourceTitle "CBM 158 Extra"]
[Source "ChessBase"]
[SourceDate "2014.02.28"]
[SourceVersion "1"]
[SourceVersionDate "2014.02.28"]
[SourceQuality "1"]

1. e4 c5 2. c3 d5 3. exd5 Qxd5 4. d4 Nf6 5. Nf3 e6 6. Be3 cxd4 7. cxd4 Nc6 8. a3 Be7 9. Nc3 Qd6 10. Bd3 0-0 11. 0-0 a6 12. Qe2 b5 13. Rad1 b4 14. Ne4 Qd5 15. Bg5 Bb7 16. Nxf6+ Bxf6 17. Bxf6 gxf6 18. Be4 Qb5 19. Qe3 Ne7 20. Bxb7 Qxb7 21. Qh6 bxa3 22. bxa3 Ng6 23. d5 Rad8 24. d6 Qb8 25. d7 Qf4 26. Qh5 Qc7 27. h4 Rxd7 28. Rxd7 Qxd7 29. Qg4 Qd6 30. h5 Qf4 31. Nh2 Qxg4 32. Nxg4 Nf4 33. h6 Nd5 34. Rb1 Rc8 35. Rb7 Kf8 36. Ra7 Rc6 37. Ra8+ Ke7 38. Rh8 f5 39. Ne5 Rc1+ 40. Kh2 Kf6 41. Nd7+ Kg6 42. Nf8+ Kxh6 43. Rxh7+ Kg5 44. Rxf7 e5 45. Ra7 Rc6 46. Nd7 Kf4 47. Nb8 Rc2 48. Kg1 Rc1+ 49. Kh2 Rc2 50. Kg1 Nf6 51. f3 e4 52. fxe4 Ng4 53. Kf1 Ke3 0-1

[Event "Voronezh Region-ch"]
[Site "Voronezh"]
[Date "2013.12.05"]
[Round "3"]
[White "Manelis, Vladimir"]
[Black "Grishchenko, Vladimir"]
[Result "1-0"]
[WhiteElo "2258"]
[BlackElo "2015"]
[PlyCount "143"]
[EventDate "2013.12.03"]
[EventType "swiss"]
[EventRounds "9"]
[EventCountry "RUS"]
[SourceTitle "CBM 158 Extra"]
[Source "ChessBase"]
[SourceDate "2014.02.28"]
[SourceVersion "1"]
[SourceVersionDate "2014.02.28"]
[SourceQuality "1"]

1. e4 c5 2. c3 d6 3. d4 Nf6 4. f3 Qc7 5. Be3 Nbd7 6. Bd3 g6 7. Ne2 Bg7 8. Qd2 h6 9. g4 e5 10. 0-0 Kf8 11. a4 b6 12. a5 a6 13. axb6 Nxb6 14. Na3 Kg8 15. dxe5 dxe5 16. Nc4 Nxc4 17. Bxc4 Kh7 18. Rfd1 Bb7 19. Qd6 Rhc8 20. Qxc7 Rxc7 21. Rd6 Ne8 22. Rb6 a5 23. Kf2 Bf8 24. Rd1 Kg7 25. h4 Be7 26. h5 Bh4+ 27. Kg2 Be7 28. hxg6 fxg6 29. Re6 Bf6 30. Rh1 Bg5 31. Bxg5 hxg5 32. Rxe5 Nd6 33. Bd5 Bxd5 34. Rxd5 Nf7 35. Kf2 Rb8 36. Ra1 Rxb2 37. Rxa5 c4 38. Ke3 Rcb7 39. Nd4 Rb1 40. Rab5 R7xb5 41. Rxb5 Rd1 42. e5 Rd3+ 43. Ke4 Rxc3 44. Rb7 Kf8 45. Kd5 Nd8 46. Rc7 Ke8 47. Rg7 Re3 48. Kxc4 Kf8 49. Rh7 Kg8 50. Ra7 Kf8 51. Kd5 Rd3 52. Ra8 Ke7 53. Ke4 Rd1 54. Ra7+ Ke8 55. Rh7 Re1+ 56. Kd5 Rd1 57. e6 Nc6 58. Kxc6 Rxd4 59. Rg7 Rd3 60. Rf7 Rd1 61. Rd7 Re1 62. Kd6 Re3 63. Rf7 Re1 64. Rg7 Rd1+ 65. Ke5 Rd3 66. Ke4 Ra3 67. Rxg6 Ra5 68. Rg7 Rb5 69. Rf7 Ra5 70. Rf5 Ra4+ 71. Ke3 Ra3+ 72. Kf2 1-0

[Event "Zagorovsky Memorial op"]
[Site "Voronezh"]
[Date "2013.06.25"]
[Round "1"]
[White "Manelis, Vladimir"]
[Black "Koshelev, Vladimir"]
[Result "1-0"]
[WhiteElo "2270"]
[BlackElo "1909"]
[PlyCount "43"]
[EventDate "2013.06.25"]
[EventType "swiss"]
[EventRounds "9"]
[EventCountry "RUS"]
[SourceTitle "EXT 2014"]
[Source "ChessBase"]
[SourceDate "2013.11.20"]
[SourceVersion "1"]
[SourceVersionDate "2013.11.20"]
[SourceQuality "1"]

1. e4 d6 2. d4 Nf6 3. Nc3 g6 4. f3 Bg7 5. Be3 0-0 6. Qd2 Na6 7. 0-0-0 Bd7 8. Bh6 c5 9. Bxg7 Kxg7 10. e5 Ne8 11. exd6 exd6 12. Bxa6 bxa6 13. dxc5 Qa5 14. cxd6 Rc8 15. Qd4+ Kg8 16. Nd5 Rxc2+ 17. Kxc2 Bf5+ 18. Kc1 h6 19. Ne7+ Kh7 20. Nxf5 gxf5 21. d7 Ng7 22. d8Q 1-0

[Event "Voronezh-ch"]
[Site "Voronezh"]
[Date "2013.03.16"]
[Round "6"]
[White "Manelis, Vladimir"]
[Black "Zhurikhin, Alexander"]
[Result "0-1"]
[WhiteElo "2264"]
[BlackElo "2244"]
[PlyCount "26"]
[EventDate "2013.03.12"]
[EventType "swiss"]
[EventRounds "7"]
[EventCountry "RUS"]
[SourceTitle "CBM 153 Extra"]
[Source "ChessBase"]
[SourceDate "2013.04.22"]
[SourceVersion "1"]
[SourceVersionDate "2013.04.22"]
[SourceQuality "1"]

1. e4 c5 2. c3 g6 3. d4 cxd4 4. cxd4 d5 5. exd5 Nf6 6. Bb5+ Nbd7 7. Nc3 a6 8. Be2 Nb6 9. Bf3 Bg7 10. Qb3 h5 11. h3 0-0 12. Bg5 a5 13. a4 Bf5 0-1

[Event "Voronezh op 16th"]
[Site "Voronezh"]
[Date "2012.06.13"]
[Round "2"]
[White "Duong, Thanh Binh"]
[Black "Manelis, Vladimir"]
[Result "1/2-1/2"]
[WhiteElo "2131"]
[BlackElo "2284"]
[PlyCount "99"]
[EventDate "2012.06.12"]
[EventType "swiss"]
[EventRounds "9"]
[EventCountry "RUS"]
[SourceTitle "CBM 149 Extra"]
[Source "ChessBase"]
[SourceDate "2012.08.24"]
[SourceVersion "1"]
[SourceVersionDate "2012.08.24"]
[SourceQuality "1"]

1. d4 e6 2. Nf3 Nf6 3. Bf4 b6 4. e3 Bb7 5. Bd3 Be7 6. Nbd2 d6 7. Qe2 Nbd7 8. h3 Nd5 9. Bg3 Nb4 10. e4 0-0 11. 0-0 Nxd3 12. Qxd3 d5 13. exd5 Bxd5 14. Rfd1 Nf6 15. Be5 c5 16. Ng5 g6 17. c4 Bc6 18. Qc3 Nd7 19. Ngf3 Nxe5 20. dxe5 Qc7 21. Qe3 Qb7 22. Re1 Rfd8 23. Qf4 Rd3 24. Ne4 Kg7 25. h4 h5 26. b3 Rad8 27. Nfg5 Bxg5 28. hxg5 Bxe4 29. Rxe4 R8d4 30. Rae1 Qd7 31. Qf6+ Kg8 32. R4e3 Rd2 33. a4 Rg4 34. Qf3 Rxg5 35. R3e2 Rd4 36. Re4 Rf5 37. Rxd4 Qxd4 38. Qe2 Kg7 39. Kf1 h4 40. Kg1 Kg8 41. Kf1 Rf4 42. Qc2 Kg7 43. Kg1 Rg4 44. Re3 Qf4 45. Qe2 Qg5 46. Qf3 Rd4 47. Qe2 Rd8 48. Re4 Rd1+ 49. Kh2 Rd2 50. Qf3 1/2-1/2

[Event "Voronezh op 16th"]
[Site "Voronezh"]
[Date "2012.06.12"]
[Round "1"]
[White "Manelis, Vladimir"]
[Black "Yemelin, Vasily"]
[Result "0-1"]
[WhiteElo "2284"]
[BlackElo "2568"]
[PlyCount "94"]
[EventDate "2012.06.12"]
[EventType "swiss"]
[EventRounds "9"]
[EventCountry "RUS"]
[SourceTitle "CBM 149 Extra"]
[Source "ChessBase"]
[SourceDate "2012.08.24"]
[SourceVersion "1"]
[SourceVersionDate "2012.08.24"]
[SourceQuality "1"]

1. e4 e6 2. d4 d5 3. e5 c5 4. c3 Nc6 5. Be3 Qb6 6. Qd2 Bd7 7. Nf3 cxd4 8. cxd4 Bb4 9. Nc3 Na5 10. Rc1 Ne7 11. Bd3 Rc8 12. 0-0 a6 13. Rfd1 Bb5 14. Qe2 Bxc3 15. Rxc3 Rxc3 16. bxc3 Bxd3 17. Qxd3 h6 18. Bc1 Nc4 19. Nd2 Qc6 20. Nxc4 dxc4 21. Qc2 Nd5 22. Ba3 Kd7 23. Bd6 h5 24. Rc1 Rh6 25. Qe4 Rg6 26. g3 Rg4 27. Qf3 Nf4 28. Qxc6+ Kxc6 29. Kf1 Nd5 30. Ke2 f5 31. Bf8 h4 32. Kf3 hxg3 33. hxg3 Rg5 34. Rc2 g6 35. Rc1 Rh5 36. Kg2 g5 37. Ba3 g4 38. Rc2 Kb5 39. Bc1 Ka4 40. Bd2 Ka3 41. Bc1+ Ka4 42. Bd2 b5 43. Rc1 Rh7 44. Rc2 b4 45. cxb4 c3 46. Rxc3 Nxc3 47. Bxc3 Rc7 0-1

[Event "Voronezh op-A"]
[Site "Voronezh"]
[Date "2008.06.21"]
[Round "9"]
[White "Manelis, Vladimir"]
[Black "Gorshkov, Yuri"]
[Result "0-1"]
[WhiteElo "2289"]
[BlackElo "2393"]
[PlyCount "72"]
[EventDate "2008.06.12"]
[EventType "swiss"]
[EventRounds "9"]
[EventCountry "RUS"]
[SourceTitle "CBM 125 Extra"]
[Source "ChessBase"]
[SourceDate "2008.09.01"]
[SourceVersion "1"]
[SourceVersionDate "2008.09.01"]
[SourceQuality "1"]

1. e4 d5 2. exd5 Qxd5 3. Nc3 Qd6 4. Nf3 Nf6 5. d4 a6 6. Be3 b5 7. a3 Bb7 8. Be2 Nbd7 9. Qd2 e6 10. 0-0 c5 11. Rad1 Be7 12. dxc5 Qxd2 13. Nxd2 Nxc5 14. Bf3 Bxf3 15. Nxf3 0-0 16. Ne5 Rfc8 17. Rd4 Nb7 18. Nd7 Rc7 19. Rfd1 Na5 20. Ne5 Rac8 21. f3 h6 22. Kf2 Nc6 23. Nxc6 Rxc6 24. Ke2 Bxa3 25. Rd8+ Kh7 26. Rxc8 Rxc8 27. Bc1 Be7 28. Kd3 g5 29. h3 Kg6 30. Nb1 Nd5 31. c3 Bc5 32. Ke2 h5 33. Rd3 h4 34. Rd1 a5 35. Rd3 Kf5 36. Kf1 f6 0-1

[Event "Voronezh-ch"]
[Site "Voronezh "]
[Date "2007.03.09"]
[Round "5"]
[White "Manelis, Vladimir"]
[Black "Chekhov, Sergey"]
[Result "0-1"]
[WhiteElo "2340"]
[BlackElo "2168"]
[PlyCount "68"]
[EventDate "2007.03.03"]
[EventType "swiss"]
[EventRounds "9"]
[EventCountry "RUS"]
[SourceTitle "EXT 2008"]
[Source "ChessBase"]
[SourceDate "2007.11.25"]
[SourceVersion "1"]
[SourceVersionDate "2007.11.25"]
[SourceQuality "1"]

1. e4 d6 2. d4 Nf6 3. Nc3 g6 4. f3 Bg7 5. Be3 c6 6. Qd2 b5 7. 0-0-0 Nbd7 8. d5 b4 9. dxc6 bxc3 10. cxd7+ Nxd7 11. bxc3 Qa5 12. Qd5 Qxc3 13. Qb3 Qa5 14. Rd5 Qc7 15. Qc4 Qd8 16. Qc6 Rb8 17. Rb5 0-0 18. Rxb8 Nxb8 19. Qa4 Bd7 20. Qxa7 Nc6 21. Qb7 Qa5 22. Bd2 Qxa2 23. Kd1 Nd4 24. Bd3 Ba4 25. Ne2 Bxc2+ 26. Bxc2 Qxc2+ 27. Ke1 Bh6 28. Qb4 Nxe2 29. Kxe2 Ra8 30. g3 Bxd2 31. Qxd2 Qc4+ 32. Ke3 Ra2 33. Rc1 Rxd2 34. Rxc4 Rxh2 0-1

[Event "Voronezh-ch"]
[Site "Voronezh "]
[Date "2007.03.05"]
[Round "2"]
[White "Cherednichenko, Viktor"]
[Black "Manelis, Vladimir"]
[Result "1-0"]
[WhiteElo "1994"]
[BlackElo "2340"]
[PlyCount "75"]
[EventDate "2007.03.03"]
[EventType "swiss"]
[EventRounds "9"]
[EventCountry "RUS"]
[SourceTitle "EXT 2008"]
[Source "ChessBase"]
[SourceDate "2007.11.25"]
[SourceVersion "1"]
[SourceVersionDate "2007.11.25"]
[SourceQuality "1"]

1. e4 c5 2. Nc3 e6 3. Nf3 Nc6 4. Bb5 Nd4 5. e5 Qc7 6. 0-0 Nxf3+ 7. Qxf3 Qxe5 8. d3 Nf6 9. Bf4 Qf5 10. Ne4 Nd5 11. Nd6+ Bxd6 12. Bxd6 Qxf3 13. gxf3 b6 14. d4 cxd4 15. Rad1 Ne7 16. Bd3 f5 17. Rfe1 Bb7 18. Kg2 Rc8 19. Rd2 Ng6 20. Kg3 Rc6 21. Ba3 Kd8 22. Bb5 Rc7 23. Bd6 Rc8 24. Rxd4 Rxc2 25. Ba3 Bd5 26. Bd3 Rd2 27. Rc1 Ne5 28. Ba6 f4+ 29. Kh3 Nc6 30. Rxd2 Bxf3 31. b4 g5 32. b5 Ne7 33. Bxe7+ Kxe7 34. Rc7 Bd5 35. Rxa7 h5 36. Bb7 Bc4 37. Bc6 g4+ 38. Kg2 1-0

[Event "Voronezh Region-ch"]
[Site "Voronezh"]
[Date "2006.12.18"]
[Round "10"]
[White "Manelis, Vladimir"]
[Black "Provkin, Vladimir"]
[Result "1-0"]
[WhiteElo "2327"]
[BlackElo "2338"]
[PlyCount "73"]
[EventDate "2006.12.09"]
[EventType "tourn"]
[EventRounds "11"]
[EventCountry "RUS"]
[EventCategory "5"]
[SourceTitle "EXT 2019"]
[Source "ChessBase"]
[SourceDate "2018.10.10"]
[SourceVersion "1"]
[SourceVersionDate "2018.10.10"]
[SourceQuality "1"]

1. Nf3 Nf6 2. c4 g6 3. b4 Bg7 4. Bb2 0-0 5. e3 d6 6. d4 Bg4 7. Be2 Nfd7 8. h3 Bxf3 9. Bxf3 c6 10. Qb3 e5 11. 0-0 f5 12. dxe5 dxe5 13. c5+ Kh8 14. e4 Qg5 15. Re1 Na6 16. Na3 Rae8 17. Nc4 Re7 18. Rad1 Nc7 19. Nd6 Ne6 20. a3 Nf4 21. Kf1 h5 22. Nxb7 fxe4 23. Bxe4 Nf6 24. Bxc6 h4 25. Qf3 N6h5 26. Rd8 Rxd8 27. Nxd8 e4 28. Bxg7+ Rxg7 29. Rxe4 Kh7 30. Ne6 Nxe6 31. Rxe6 Nf4 32. Re4 Nh5 33. Kg1 Re7 34. Rxe7+ Qxe7 35. Qe3 Qf6 36. Bf3 Nf4 37. c6 1-0

[Event "Voronezh Region-ch"]
[Site "Voronezh"]
[Date "2006.12.14"]
[Round "6"]
[White "Manelis, Vladimir"]
[Black "Chuprikov, Dmitry"]
[Result "0-1"]
[WhiteElo "2327"]
[BlackElo "2373"]
[PlyCount "32"]
[EventDate "2006.12.09"]
[EventType "tourn"]
[EventRounds "11"]
[EventCountry "RUS"]
[EventCategory "5"]
[SourceTitle "EXT 2019"]
[Source "ChessBase"]
[SourceDate "2018.10.10"]
[SourceVersion "1"]
[SourceVersionDate "2018.10.10"]
[SourceQuality "1"]

1. e4 d6 2. d4 Nf6 3. Nc3 g6 4. Nf3 c6 5. Be3 Nbd7 6. Qd2 b5 7. 0-0-0 Nb6 8. e5 Nfd5 9. Nxd5 Nxd5 10. Bh6 Bxh6 11. Qxh6 Qa5 12. Kb1 Bf5 13. Bd3 Nb4 14. Bxf5 Qxa2+ 15. Kc1 gxf5 16. exd6 Qa4 0-1

[Event "Voronezh op-A"]
[Site "Voronezh"]
[Date "2006.06.16"]
[Round "5"]
[White "Manelis, Vladimir"]
[Black "Gabrielian, Artur"]
[Result "0-1"]
[WhiteElo "2327"]
[BlackElo "2520"]
[PlyCount "104"]
[EventDate "2006.06.12"]
[EventType "swiss"]
[EventRounds "9"]
[EventCountry "RUS"]
[SourceTitle "CBM 112 Extra"]
[Source "ChessBase"]
[SourceDate "2006.07.14"]
[SourceVersion "1"]
[SourceVersionDate "2006.07.14"]
[SourceQuality "1"]

1. e4 c5 2. c3 Nf6 3. e5 Nd5 4. d4 cxd4 5. cxd4 e6 6. Nf3 d6 7. Bc4 Nc6 8. 0-0 Be7 9. Qe2 0-0 10. Nc3 Nxc3 11. bxc3 dxe5 12. dxe5 Bd7 13. Qe4 Qa5 14. Rb1 Qa4 15. Bg5 b6 16. Rfd1 Rad8 17. Rd2 Bc8 18. Rxd8 Rxd8 19. h3 Ba6 20. Bxe7 Nxe7 21. Rb4 Qd1+ 22. Kh2 Bxc4 23. Rxc4 h6 24. Rc7 Nd5 25. Rxa7 Nxc3 26. Qb7 Rf8 27. Qxb6 Nd5 28. Qd4 Qb1 29. a4 Rc8 30. a5 Rc1 31. Ra8+ Kh7 32. Qg4 Rh1+ 33. Kg3 Qd3 34. Rf8 Ne7 35. Rxf7 Nf5+ 36. Rxf5 exf5 37. Qa4 Qa6 38. Nh4 Re1 39. Qf4 Qe6 40. Nf3 Re4 41. Qc1 Ra4 42. Qc7 Ra2 43. Qc5 Qa6 44. Qb6 Rxa5 45. Qxa6 Rxa6 46. Kf4 g6 47. Nd4 Ra4 48. Ke3 Ra3+ 49. Ke2 f4 50. h4 g5 51. h5 Ra5 52. e6 Kg7 0-1

[Event "Voronezh op-A"]
[Site "Voronezh"]
[Date "2006.06.13"]
[Round "2"]
[White "Manelis, Vladimir"]
[Black "Charochkina, Daria"]
[Result "1-0"]
[WhiteElo "2327"]
[BlackElo "2216"]
[PlyCount "57"]
[EventDate "2006.06.12"]
[EventType "swiss"]
[EventRounds "9"]
[EventCountry "RUS"]
[SourceTitle "CBM 112 Extra"]
[Source "ChessBase"]
[SourceDate "2006.07.14"]
[SourceVersion "1"]
[SourceVersionDate "2006.07.14"]
[SourceQuality "1"]

1. e4 c5 2. c3 g6 3. d4 cxd4 4. cxd4 d5 5. e5 a6 6. Nc3 Nc6 7. Be3 f6 8. exf6 Nxf6 9. Nf3 Bg7 10. h3 0-0 11. Bd3 Nh5 12. Bc2 Kh8 13. Qd2 Qd6 14. Bb3 e6 15. Ne2 b5 16. 0-0 Nb8 17. Rac1 Nd7 18. Bc2 Bb7 19. Bb1 Nb6 20. b3 b4 21. Ne5 a5 22. g4 Nf6 23. Bf4 Qd8 24. Bxg6 Ne4 25. Bxe4 dxe4 26. Rc7 Qd5 27. Qe3 Rac8 28. Rxg7 Ba6 29. Bh6 1-0

[Event "Voronezh op-A"]
[Site "Voronezh"]
[Date "2006.06.12"]
[Round "1"]
[White "Tseshkovsky, Vitaly"]
[Black "Manelis, Vladimir"]
[Result "1-0"]
[WhiteElo "2572"]
[BlackElo "2327"]
[PlyCount "49"]
[EventDate "2006.06.12"]
[EventType "swiss"]
[EventRounds "9"]
[EventCountry "RUS"]
[SourceTitle "CBM 112 Extra"]
[Source "ChessBase"]
[SourceDate "2006.07.14"]
[SourceVersion "1"]
[SourceVersionDate "2006.07.14"]
[SourceQuality "1"]

1. e4 e6 2. d4 d5 3. Nc3 Nf6 4. Bg5 dxe4 5. Nxe4 Be7 6. Bxf6 Bxf6 7. Nf3 Nd7 8. Qd2 0-0 9. 0-0-0 b6 10. Bd3 Bb7 11. Qe2 Be7 12. Ne5 Nf6 13. Ng5 h6 14. h4 Qd6 15. c3 c5 16. Qc2 hxg5 17. hxg5 Ne4 18. Bxe4 Bxg5+ 19. Kb1 Bxe4 20. Qxe4 f5 21. Qe2 Bf6 22. Ng6 cxd4 23. Rh8+ Kf7 24. Qh5 Rxh8 25. Nxh8+ 1-0

[Event "Voronezh op 8th"]
[Site "Voronezh"]
[Date "2004.06.16"]
[Round "5"]
[White "Ziatdinov, Raset"]
[Black "Manelis, Vladimir"]
[Result "1/2-1/2"]
[WhiteElo "2424"]
[BlackElo "2267"]
[PlyCount "142"]
[EventDate "2004.06.12"]
[EventType "swiss"]
[EventRounds "9"]
[EventCountry "RUS"]
[SourceTitle "EXT 2005"]
[Source "ChessBase"]
[SourceDate "2004.11.15"]
[SourceVersion "1"]
[SourceVersionDate "2004.11.15"]
[SourceQuality "1"]

1. e4 e6 2. d4 d5 3. Nc3 Nf6 4. e5 Nfd7 5. f4 c5 6. Nf3 Nc6 7. Be3 a6 8. Qd2 b5 9. Be2 Qb6 10. 0-0 cxd4 11. Nxd4 Bc5 12. Rfd1 0-0 13. a4 b4 14. Na2 Nxd4 15. Bxd4 Bxd4+ 16. Qxd4 Qxd4+ 17. Rxd4 a5 18. c3 Nc5 19. Nc1 bxc3 20. bxc3 Rb8 21. Bb5 Rd8 22. c4 Bb7 23. cxd5 Rxd5 24. Rxd5 Bxd5 25. Ne2 Nb3 26. Rd1 Rc8 27. f5 g5 28. h4 gxh4 29. Nf4 Bc4 30. Bxc4 Rxc4 31. Rd8+ Kg7 32. Nxe6+ Kh6 33. Rd6 Kh5 34. Nd8 Kg4 35. e6 fxe6 36. fxe6 Nd4 37. Rd7 Rc1+ 38. Kf2 Rc2+ 39. Ke1 Nf5 40. e7 Nxe7 41. Rxe7 Rxg2 42. Re4+ Kg3 43. Re3+ Kf4 44. Rc3 Ra2 45. Ne6+ Kg4 46. Rc4+ Kg3 47. Rc3+ Kg4 48. Rc4+ Kg3 49. Ng5 h6 50. Ne4+ Kg2 51. Nd2 Kg3 52. Ne4+ Kg2 53. Nc3 Ra1+ 54. Ke2 Kg3 55. Ne4+ Kg2 56. Nd2 Kg3 57. Nf1+ Kh3 58. Kf2 h5 59. Nd2 Ra3 60. Rf4 Ra2 61. Rd4 Ra3 62. Nf3 Ra2+ 63. Ke3 Kg3 64. Nxh4 Ra3+ 65. Kd2 Ra2+ 66. Kc3 Rh2 67. Nf5+ Kf3 68. Kc4 Rb2 69. Kc5 Rb8 70. Kc6 Rf8 71. Nh4+ Ke3 1/2-1/2

[Event "Voronezh op 8th"]
[Site "Voronezh"]
[Date "2004.06.15"]
[Round "4"]
[White "Manelis, Vladimir"]
[Black "Filippov, Vladimir Mikhailovi"]
[Result "1-0"]
[WhiteElo "2267"]
[BlackElo "2159"]
[PlyCount "43"]
[EventDate "2004.06.12"]
[EventType "swiss"]
[EventRounds "9"]
[EventCountry "RUS"]
[SourceTitle "EXT 2005"]
[Source "ChessBase"]
[SourceDate "2004.11.15"]
[SourceVersion "1"]
[SourceVersionDate "2004.11.15"]
[SourceQuality "1"]

1. e4 d6 2. d4 g6 3. Nc3 Bg7 4. Be3 c6 5. Qd2 b5 6. 0-0-0 Bb7 7. f3 Nd7 8. g4 h5 9. g5 c5 10. dxc5 Qa5 11. cxd6 Bxc3 12. Qxc3 Qxc3 13. bxc3 exd6 14. Rxd6 Ke7 15. Rd2 Rc8 16. Bh3 Bc6 17. Ne2 Rc7 18. Rhd1 f6 19. Rd6 Ne5 20. gxf6+ Nxf6 21. Re6+ Kf7 22. Rxe5 1-0

[Event "Voronezh op 5th"]
[Site "Voronezh"]
[Date "2001.06.19"]
[Round "7"]
[White "Skorchenko, Dmitry"]
[Black "Manelis, Vladimir"]
[Result "1/2-1/2"]
[WhiteElo "2391"]
[BlackElo "2217"]
[PlyCount "96"]
[EventDate "2001.06.12"]
[EventType "swiss"]
[EventRounds "9"]
[EventCountry "RUS"]
[SourceTitle "EXT 2002"]
[Source "ChessBase"]
[SourceDate "2001.11.25"]
[SourceVersion "1"]
[SourceVersionDate "2001.11.25"]
[SourceQuality "1"]

1. e4 e6 2. d4 d5 3. Nc3 Nf6 4. Bg5 dxe4 5. Nxe4 Be7 6. Bxf6 Bxf6 7. Nf3 0-0 8. Qd2 Nd7 9. 0-0-0 b6 10. Bd3 Bb7 11. Qf4 Be7 12. h4 Nf6 13. Nxf6+ Bxf6 14. Ng5 h6 15. Kb1 Qd6 16. Qg4 Rfd8 17. Bh7+ Kf8 18. Be4 Bxe4 19. Nxe4 Qe7 20. c3 Rd5 21. Qf4 Rad8 22. Nxf6 Qxf6 23. Qxc7 R5d7 24. Qg3 e5 25. Rd3 exd4 26. Rhd1 Kg8 27. a3 dxc3 28. Rxd7 c2+ 29. Kxc2 Rxd7 30. Rxd7 Qc6+ 31. Kd2 Qxd7+ 32. Qd3 Qe7 33. Qd4 Qe6 34. h5 Qc6 35. g4 Qe6 36. f3 Qc6 37. Qc3 Qe6 38. Qd4 Qc6 39. Qd8+ Kh7 40. Qd3+ Kg8 41. b4 Qf6 42. Qc3 Qe6 43. Kd3 g6 44. Qc4 Qe1 45. Qe4 Qb1+ 46. Kd4 Qb2+ 47. Kd5 gxh5 48. gxh5 Qxa3 1/2-1/2

[Event "Voronezh op 3rd"]
[Site "Voronezh"]
[Date "1999.06.14"]
[Round "3"]
[White "Manelis, Vladimir"]
[Black "Pogorelov, Ruslan"]
[Result "1-0"]
[WhiteElo "2235"]
[BlackElo "2507"]
[PlyCount "63"]
[EventDate "1999.06.??"]
[EventType "swiss"]
[EventRounds "9"]
[EventCountry "RUS"]
[SourceTitle "EXT 2000"]
[Source "ChessBase"]
[SourceDate "1999.11.16"]
[SourceVersion "1"]
[SourceVersionDate "1999.11.16"]
[SourceQuality "1"]

1. e4 c5 2. c3 d5 3. exd5 Qxd5 4. d4 Nf6 5. Nf3 Nc6 6. Be3 cxd4 7. cxd4 e6 8. a3 Be7 9. Nc3 Qd6 10. Bd3 0-0 11. 0-0 Rd8 12. Qe2 a6 13. Rad1 b5 14. Bg5 Bb7 15. Rfe1 Rac8 16. Bb1 Na5 17. d5 Nxd5 18. Nxd5 Bxd5 19. Rxd5 Qxd5 20. Bxe7 Rd7 21. Bb4 Nc4 22. b3 Nb6 23. Ne5 Rdc7 24. Qe3 Nd7 25. Nf3 Nf6 26. h3 h6 27. Ba5 Rc6 28. Ne5 Rd6 29. Bb4 Rdd8 30. Be7 Re8 31. Bxf6 gxf6 32. Qxh6 1-0

[Event "Voronezh op"]
[Site "Voronezh"]
[Date "1998.06.14"]
[Round "3"]
[White "Manelis, Vladimir"]
[Black "Sazonov, Anatolij"]
[Result "1-0"]
[WhiteElo "2235"]
[BlackElo "2220"]
[PlyCount "91"]
[EventDate "1998.06.??"]
[EventType "swiss"]
[EventRounds "9"]
[EventCountry "RUS"]
[SourceTitle "EXT 1999"]
[Source "ChessBase"]
[SourceDate "1998.11.16"]
[SourceVersion "1"]
[SourceVersionDate "1998.11.16"]
[SourceQuality "1"]

1. e4 e5 2. Nf3 Nf6 3. Nxe5 d6 4. Nf3 Nxe4 5. Qe2 Qe7 6. d3 Nf6 7. Bg5 Qxe2+ 8. Bxe2 Be7 9. Nc3 Nc6 10. 0-0-0 h6 11. Bh4 g5 12. Bg3 Nh5 13. d4 Nxg3 14. hxg3 g4 15. Nh2 h5 16. Nxg4 Bf5 17. Ne3 Bg6 18. g4 h4 19. f4 0-0-0 20. Ned5 f5 21. Nxe7+ Nxe7 22. g5 d5 23. Rh3 Bf7 24. Bd3 Rh7 25. Rdh1 Rdh8 26. g3 Be6 27. Rxh4 Rxh4 28. Rxh4 Rxh4 29. gxh4 Ng6 30. Nxd5 Nxh4 31. Ne3 Ng6 32. Bxf5 Nxf4 33. Bxe6+ Nxe6 34. g6 Ng7 35. Kd2 Kd7 36. Kd3 Ke6 37. Ke4 c6 38. Nc4 Ne8 39. a4 Kf6 40. Ne5 Ng7 41. a5 a6 42. d5 cxd5+ 43. Kxd5 Ne8 44. Nd7+ Kxg6 45. Nc5 Nc7+ 46. Kc4 1-0